000 00666nam a2200241Ia 4500
003 OSt
005 20220918221643.0
006 a|||||r|||| 00| 0
007 ta
008 220917b |||||||| |||| 00| 0 eng d
024 _a202,391
037 _cTextual
040 _aARTS
_cARTS
_beng
041 _2eng
_aeng
082 _aV6:2.N9, P0
100 _aBaker Bruce
_9141123
245 0 _aEscape from domination in Africa
_b Political disengagement & its consequences
260 _aOxford
_bJames currey
_c2000
300 _axiii, 230 p
_ccm.
650 _aHISTORY
942 _hV6:2.N9, P0
_cTEXL
_2CC
999 _c273278
_d273278